000 00698nam a2200289Ia 4500
005 20260324132444.0
008 008 260324s9999 xx 000 0 eng d
020 _a9780203501368
037 _aEBOOK
040 _aCRL
040 _beng
040 _cCRL
041 _2eng
041 _aeng
084 _qCRL
100 _aTerry D. Hargrave; Franz Pfitzer
_91171087
245 4 _aThe New Contextual Therapy
245 0 _bGuiding the Power of Give and Take
260 _bTaylor and Francis
260 _c2004
365 _a
365 _b300
856 _uhttp://www.taylorfrancis.com/books/9780203501368
942 _cEBOOK
999 _c1787484
_d1787484